| 000 | 00368 a2200157 4500 | ||
|---|---|---|---|
| 001 | 71191 | ||
| 020 | _a8500001143 | ||
| 040 | _cAnchieta - Colégio São Paulo | ||
| 100 | _aOrthof, Sylvia | ||
| 240 | 1 | 0 |
_aO livro que ninguém vai ler _lpor |
| 245 | 1 | 0 | _aO livro que ninguém vai ler |
| 300 | _a125 | ||
| 362 | 0 | _a2001 | |
| 650 | 4 | _aLiteratura juvenil | |
| 942 | _cBK | ||
| 999 |
_c71191 _d71191 |
||